[Event "2nd Easter 4NCL Congress"]
[Site "Daventry"]
[Date "2022.04.17"]
[Round "5"]
[Board "20"]
[White "Nelson, Omowale A"]
[Black "Liu, Jack"]
[Result "1-0"]
[WhiteElo "2000"]
[BlackElo "1913"]
[PlyCount "0"]
[EventDate "2022.04.15"]
[EventRounds "7"]
[EventCountry "ENG"]

1. d4 {[%clk 01:30:59]} Nf6 {[%clk 01:30:27]} {[%emt 00:00:31]} 2. c4 {[%clk
01:31:26]} {[%emt 00:00:05]} g6 {[%emt 00:00:16]} 3. Nc3 {[%clk 01:31:45]}
{[%emt 00:00:01]} d5 {[%clk 01:31:14]} {[%emt 00:00:07]} 4. cxd5 {[%clk
01:31:55]} {[%emt 00:00:20]} Nxd5 {[%clk 01:31:39]} {[%emt 00:00:05]} 5. Bd2
{[%clk 01:32:05]} {[%emt 00:00:21]} Bg7 {[%clk 01:27:41]} {[%emt 00:04:27]} 6.
e4 {[%clk 01:31:57]} {[%emt 00:00:38]} Nxc3 {[%clk 01:27:13]} {[%emt 00:00:58]}
7. Bxc3 {[%clk 01:32:07]} {[%emt 00:00:20]} c5 {[%clk 01:24:12]} {[%emt
00:03:31]} 8. d5 {[%clk 01:27:25]} {[%emt 00:05:13]} Bxc3+ {[%clk 01:22:14]}
{[%emt 00:02:28]} 9. bxc3 {[%clk 01:27:45]} {[%emt 00:00:10]} Qa5 {[%clk
01:06:46]} {[%emt 00:15:57]} 10. Qd2 {[%clk 01:26:49]} {[%emt 00:01:26]} Nd7
{[%clk 01:01:44]} {[%emt 00:05:33]} 11. h4 {[%clk 01:23:26]} {[%emt 00:03:52]}
h5 {[%clk 00:58:49]} {[%emt 00:03:25]} 12. Nf3 {[%clk 01:19:26]} {[%emt
00:04:31]} Nf6 {[%clk 00:49:48]} {[%emt 00:09:30]} 13. Bd3 {[%clk 01:07:56]}
{[%emt 00:11:59]} Bg4 {[%clk 00:36:05]} {[%emt 00:14:15]} 14. Ne5 {[%clk
01:05:18]} {[%emt 00:03:07]} b5 {[%clk 00:28:11]} {[%emt 00:08:25]} 15. O-O
{[%clk 01:02:18]} {[%emt 00:03:30]} c4 {[%clk 00:25:57]} {[%emt 00:02:45]} 16.
Bc2 {[%clk 01:01:36]} {[%emt 00:01:10]} Qc7 {[%clk 00:24:16]} {[%emt 00:02:12]}
17. Qf4 {[%clk 00:58:32]} {[%emt 00:03:33]} Rc8 {[%clk 00:21:48]} {[%emt
00:02:59]} 18. Qg3 {[%clk 00:44:29]} {[%emt 00:14:32]} O-O {[%clk 00:17:47]}
{[%emt 00:04:31]} 19. a4 {[%clk 00:40:43]} {[%emt 00:04:17]} a6 {[%clk
00:16:59]} {[%emt 00:01:17]} 20. Nc6 {[%clk 00:29:02]} {[%emt 00:12:12]} Rfe8
{[%clk 00:14:55]} {[%emt 00:02:35]} 21. axb5 {[%clk 00:28:04]} {[%emt
00:01:29]} Qxg3 {[%clk 00:15:07]} {[%emt 00:00:16]} 22. fxg3 {[%clk 00:28:32]}
{[%emt 00:00:02]} axb5 {[%clk 00:15:29]} {[%emt 00:00:09]} 23. Ra7 {[%clk
00:25:54]} {[%emt 00:03:07]} Bd7 {[%clk 00:08:50]} {[%emt 00:07:08]} 24. Rxf6
{[%clk 00:24:52]} {[%emt 00:01:33]} exf6 {[%clk 00:09:15]} {[%emt 00:00:05]} 25.
Rxd7 {[%clk 00:25:17]} {[%emt 00:00:05]} Kf8 {[%clk 00:07:53]} {[%emt
00:01:52]} 26. Rb7 {[%clk 00:23:13]} {[%emt 00:02:33]} Kg7 {[%clk 00:03:59]}
{[%emt 00:04:24]} 27. Rxb5 {[%clk 00:21:33]} {[%emt 00:02:12]} Rc7 {[%clk
00:04:04]} {[%emt 00:00:25]} 28. Rb4 {[%clk 00:20:33]} {[%emt 00:01:29]} Ra8
{[%clk 00:03:27]} {[%emt 00:01:08]} 29. Ra4 {[%clk 00:18:44]} {[%emt 00:02:19]}
Rxa4 {[%clk 00:03:07]} {[%emt 00:00:50]} 30. Bxa4 {[%clk 00:19:08]} {[%emt
00:00:06]} g5 {[%clk 00:03:25]} {[%emt 00:00:12]} 31. Kf2 {[%clk 00:19:12]}
{[%emt 00:00:25]} f5 {[%clk 00:02:30]} {[%emt 00:01:25]} 32. e5 {[%clk
00:19:09]} {[%emt 00:00:33]} Rb7 {[%clk 00:02:35]} {[%emt 00:00:26]} 33. d6
{[%clk 00:16:55]} {[%emt 00:02:43]} Kf8 {[%clk 00:02:56]} {[%emt 00:00:07]} 34.
Nb4 {[%clk 00:16:37]} {[%emt 00:00:51]} g4 {[%clk 00:02:40]} {[%emt 00:00:46]}
35. d7 {[%clk 00:15:48]} {[%emt 00:01:18]}  1-0

[Event "2nd Easter 4NCL Congress"]
[Site "Daventry"]
[Date "2022.04.17"]
[Round "5"]
[Board "21"]
[White "Cordova Lopez, Diego Anton"]
[Black "Varley, Joe"]
[Result "1-0"]
[WhiteElo "1896"]
[BlackElo "2008"]
[PlyCount "0"]
[EventDate "2022.04.15"]
[EventRounds "7"]
[EventCountry "ENG"]

1. e4 {[%clk 01:30:57]} {[%emt 00:00:02]} e5 {[%clk 01:30:55]} {[%emt
00:00:05]} 2. Nf3 {[%clk 01:31:24]} {[%emt 00:00:03]} Nc6 {[%clk 01:31:20]}
{[%emt 00:00:05]} 3. Nc3 {[%clk 01:31:51]} {[%emt 00:00:04]} Nf6 {[%clk
01:31:43]} {[%emt 00:00:07]} 4. a3 {[%clk 01:32:18]} {[%emt 00:00:03]} d5
{[%clk 01:32:07]} {[%emt 00:00:05]} 5. Bb5 {[%clk 01:32:45]} {[%emt 00:00:04]}
Nxe4 {[%clk 01:32:32]} {[%emt 00:00:05]} 6. Qe2 {[%clk 01:33:06]} {[%emt
00:00:08]} Qd6 {[%clk 01:31:01]} {[%emt 00:02:01]} 7. Nxe4 {[%clk 01:32:09]}
{[%emt 00:01:27]} dxe4 {[%clk 01:31:20]} {[%emt 00:00:11]} 8. Qxe4 {[%clk
01:32:24]} {[%emt 00:00:16]} Bd7 {[%clk 01:31:43]} {[%emt 00:00:07]} 9. d4
{[%clk 01:31:43]} {[%emt 00:01:11]} O-O-O {[%clk 01:26:40]} {[%emt 00:05:32]}
10. dxe5 {[%clk 01:11:10]} {[%emt 00:21:04]} Nxe5 {[%clk 01:26:46]} {[%emt
00:00:23]} 11. Bxd7+ {[%clk 01:09:37]} {[%emt 00:02:03]} Qxd7 {[%clk 01:26:24]}
{[%emt 00:00:51]} 12. O-O {[%clk 01:09:26]} {[%emt 00:00:42]} Ng6 {[%clk
01:25:54]} {[%emt 00:01:00]} 13. Be3 {[%clk 01:08:49]} {[%emt 00:01:08]} Kb8
{[%clk 01:25:52]} {[%emt 00:00:32]} 14. b4 {[%clk 01:07:47]} {[%emt 00:01:33]}
Be7 {[%clk 01:23:19]} {[%emt 00:03:02]} 15. b5 {[%clk 00:55:15]} {[%emt
00:13:03]} Qxb5 {[%clk 01:17:33]} {[%emt 00:06:15]} 16. Rfb1 {[%clk 00:55:00]}
{[%emt 00:00:45]} Qd5 {[%clk 01:17:31]} {[%emt 00:00:32]} 17. Qa4 {[%clk
00:55:08]} {[%emt 00:00:23]} Bc5 {[%clk 01:14:50]} {[%emt 00:03:10]} 18. c4
{[%clk 00:54:10]} {[%emt 00:01:29]} Qd6 {[%clk 01:13:10]} {[%emt 00:02:08]} 19.
Qb5 {[%clk 00:48:47]} {[%emt 00:05:54]}  1-0

[Event "2nd Easter 4NCL Congress"]
[Site "Daventry"]
[Date "2022.04.17"]
[Round "5"]
[Board "22"]
[White "Miller, George I"]
[Black "Sandhu, Manvith"]
[Result "0-1"]
[WhiteElo "1864"]
[BlackElo "1903"]
[PlyCount "0"]
[EventDate "2022.04.15"]
[EventRounds "7"]
[EventCountry "ENG"]

1. e4 {[%clk 01:19:31]} {[%emt 00:11:28]} c5 {[%clk 01:30:55]} {[%emt
00:00:06]} 2. Nc3 {[%clk 01:19:36]} {[%emt 00:00:25]} e6 {[%clk 01:31:19]}
{[%emt 00:00:05]} 3. Nge2 {[%clk 01:20:01]} {[%emt 00:00:05]} a6 {[%clk
01:31:26]} {[%emt 00:00:23]} 4. g3 {[%clk 01:20:22]} {[%emt 00:00:09]} Qc7
{[%clk 01:31:24]} {[%emt 00:00:33]} 5. Bg2 {[%clk 01:20:37]} {[%emt 00:00:14]}
Nf6 {[%clk 01:31:48]} {[%emt 00:00:06]} 6. O-O {[%clk 01:20:54]} {[%emt
00:00:12]} Be7 {[%clk 01:32:13]} {[%emt 00:00:06]} 7. h3 {[%clk 01:20:25]}
{[%emt 00:00:59]} O-O {[%clk 01:32:37]} {[%emt 00:00:07]} 8. f4 {[%clk
01:20:42]} {[%emt 00:00:12]} d6 {[%clk 01:32:37]} {[%emt 00:00:29]} 9. d3
{[%clk 01:20:04]} {[%emt 00:01:10]} Nc6 {[%clk 01:32:55]} {[%emt 00:00:12]} 10.
g4 {[%clk 01:19:36]} {[%emt 00:00:56]} Re8 {[%clk 01:30:45]} {[%emt 00:02:42]}
11. Ng3 {[%clk 01:19:25]} {[%emt 00:00:40]} Nd4 {[%clk 01:27:20]} {[%emt
00:03:56]} 12. Nce2 {[%clk 01:18:54]} {[%emt 00:00:59]} Nxe2+ {[%clk 01:24:23]}
{[%emt 00:03:29]} 13. Qxe2 {[%clk 01:19:15]} {[%emt 00:00:08]} Bf8 {[%clk
01:22:26]} {[%emt 00:02:28]} 14. b3 {[%clk 01:16:24]} {[%emt 00:03:21]} Rb8
{[%clk 01:17:49]} {[%emt 00:05:06]} 15. Bb2 {[%clk 01:16:24]} {[%emt 00:00:30]}
Nd7 {[%clk 01:17:30]} {[%emt 00:00:48]} 16. Qf2 {[%clk 01:15:48]} {[%emt
00:01:06]} b5 {[%clk 01:16:39]} {[%emt 00:01:23]} 17. Rae1 {[%clk 01:09:55]}
{[%emt 00:06:22]} c4 {[%clk 01:14:47]} {[%emt 00:02:24]} 18. f5 {[%clk
01:08:27]} {[%emt 00:01:56]} Ne5 {[%clk 01:11:13]} {[%emt 00:04:04]} 19. d4
{[%clk 01:04:10]} {[%emt 00:04:47]} Nc6 {[%clk 01:09:28]} {[%emt 00:02:16]} 20.
Nh5 {[%clk 01:00:47]} {[%emt 00:03:51]} cxb3 {[%clk 00:57:52]} {[%emt
00:12:08]} 21. d5 {[%clk 00:56:03]} {[%emt 00:05:14]} exd5 {[%clk 00:55:33]}
{[%emt 00:02:49]} 22. exd5 {[%clk 00:56:20]} {[%emt 00:00:13]} Rxe1 {[%clk
00:54:19]} {[%emt 00:01:43]} 23. Rxe1 {[%clk 00:56:35]} {[%emt 00:00:14]} Ne5
{[%clk 00:51:29]} {[%emt 00:03:21]} 24. axb3 {[%clk 00:56:41]} {[%emt
00:00:25]} Bb7 {[%clk 00:51:20]} {[%emt 00:00:39]} 25. Be4 {[%emt 00:15:11]}
Rc8 {[%clk 00:39:30]} {[%emt 00:01:36]} 26. Re3 {[%clk 00:49:10]} {[%emt
00:04:01]} Qa5 {[%clk 00:34:43]} {[%emt 00:05:20]} 27. Kg2 {[%clk 00:43:31]}
{[%emt 00:06:08]} Qa2 {[%clk 00:32:49]} {[%emt 00:02:24]} 28. Bd4 {[%clk
00:42:49]} {[%emt 00:01:11]} Bxd5 {[%clk 00:27:34]} {[%emt 00:05:47]} 29. Bxd5
{[%clk 00:37:08]} {[%emt 00:06:10]} Rxc2 {[%clk 00:27:54]} {[%emt 00:00:11]} 30.
Rc3 {[%clk 00:37:32]} {[%emt 00:00:05]} Rxf2+ {[%clk 00:27:40]} {[%emt
00:00:45]} 31. Bxf2 {[%clk 00:37:56]} {[%emt 00:00:05]} Qd2 {[%clk 00:27:33]}
{[%emt 00:00:59]}  0-1

[Event "2nd Easter 4NCL Congress"]
[Site "Daventry"]
[Date "2022.04.17"]
[Round "5"]
[Board "24"]
[White "Johnson, Paul A"]
[Black "Gibbon, Eric"]
[Result "0-1"]
[WhiteElo "1868"]
[BlackElo "1953"]
[PlyCount "0"]
[EventDate "2022.04.15"]
[EventRounds "7"]
[EventCountry "ENG"]

1. e4 {[%clk 01:30:54]} {[%emt 00:00:04]} d6 {[%clk 01:30:42]} {[%emt
00:00:19]} 2. d4 {[%clk 01:31:08]} {[%emt 00:00:15]} Nf6 {[%clk 01:31:06]}
{[%emt 00:00:06]} 3. Nc3 {[%clk 01:31:17]} {[%emt 00:00:22]} c6 {[%clk
01:31:30]} {[%emt 00:00:05]} 4. f4 {[%clk 01:31:12]} {[%emt 00:00:35]} Qa5
{[%clk 01:31:17]} {[%emt 00:00:42]} 5. Bd2 {[%clk 01:31:06]} {[%emt 00:00:37]}
Qc7 {[%clk 01:31:13]} {[%emt 00:00:34]} 6. Nf3 {[%clk 01:31:13]} {[%emt
00:00:23]} Bg4 {[%clk 01:28:41]} {[%emt 00:03:02]} 7. Be2 {[%clk 01:31:14]}
{[%emt 00:00:28]} e6 {[%clk 01:28:22]} {[%emt 00:00:50]} 8. Be3 {[%clk
01:30:07]} {[%emt 00:01:37]} d5 {[%clk 01:27:31]} {[%emt 00:01:21]} 9. e5
{[%clk 01:29:49]} {[%emt 00:00:48]} Nfd7 {[%clk 01:27:54]} {[%emt 00:00:08]} 10.
O-O {[%clk 01:29:11]} {[%emt 00:01:07]} a6 {[%clk 01:25:33]} {[%emt 00:02:51]}
11. h3 {[%clk 01:27:25]} {[%emt 00:02:16]} Bxf3 {[%clk 01:25:56]} {[%emt
00:00:07]} 12. Rxf3 {[%clk 01:27:26]} {[%emt 00:00:29]} g6 {[%clk 01:22:00]}
{[%emt 00:04:26]} 13. Qf1 {[%clk 01:24:07]} {[%emt 00:03:49]} h5 {[%clk
01:19:28]} {[%emt 00:03:02]} 14. Nd1 {[%clk 01:18:34]} {[%emt 00:06:03]} c5
{[%clk 01:17:48]} {[%emt 00:02:09]} 15. c3 {[%clk 01:17:45]} {[%emt 00:01:20]}
Nc6 {[%clk 01:16:51]} {[%emt 00:01:27]} 16. Qf2 {[%clk 01:16:56]} {[%emt
00:01:19]} cxd4 {[%clk 01:07:58]} {[%emt 00:09:23]} 17. cxd4 {[%clk 01:17:17]}
{[%emt 00:00:09]} Be7 {[%clk 00:59:18]} {[%emt 00:09:10]} 18. Rc1 {[%clk
01:17:00]} {[%emt 00:00:47]} Nb6 {[%clk 00:53:55]} {[%emt 00:05:53]} 19. Bd3
{[%clk 01:13:04]} {[%emt 00:04:25]} Rc8 {[%clk 00:52:18]} {[%emt 00:02:08]} 20.
a3 {[%clk 01:08:23]} {[%emt 00:05:11]} Qd7 {[%clk 00:51:12]} {[%emt 00:01:35]}
21. b4 {[%clk 01:04:06]} {[%emt 00:04:47]} Na7 {[%clk 00:49:34]} {[%emt
00:02:09]} 22. Nb2 {[%clk 01:03:07]} {[%emt 00:01:30]} Rxc1+ {[%clk 00:46:50]}
{[%emt 00:03:14]} 23. Bxc1 {[%clk 01:03:31]} {[%emt 00:00:05]} Qc6 {[%clk
00:46:00]} {[%emt 00:01:20]} 24. Qc2 {[%clk 01:00:29]} {[%emt 00:03:32]} Qxc2
{[%clk 00:44:14]} {[%emt 00:02:17]} 25. Bxc2 {[%clk 01:00:55]} {[%emt
00:00:03]} Kd7 {[%clk 00:42:00]} {[%emt 00:02:44]} 26. Na4 {[%clk 00:58:26]}
{[%emt 00:03:00]} Nxa4 {[%clk 00:33:15]} {[%emt 00:09:15]} 27. Bxa4+ {[%clk
00:58:49]} {[%emt 00:00:07]} b5 {[%clk 00:33:40]} {[%emt 00:00:04]} 28. Bb3
{[%clk 00:58:58]} {[%emt 00:00:21]} Rc8 {[%clk 00:33:13]} {[%emt 00:00:56]} 29.
Bb2 {[%clk 00:58:39]} {[%emt 00:00:51]} Nc6 {[%clk 00:29:45]} {[%emt 00:03:57]}
30. g4 {[%clk 00:55:20]} {[%emt 00:03:49]} hxg4 {[%clk 00:27:03]} {[%emt
00:03:12]} 31. hxg4 {[%clk 00:55:45]} {[%emt 00:00:05]} Bd8 {[%clk 00:27:24]}
{[%emt 00:00:07]} 32. Kg2 {[%clk 00:53:36]} {[%emt 00:02:41]} Bb6 {[%clk
00:26:50]} {[%emt 00:01:04]} 33. Rd3 {[%clk 00:53:56]} {[%emt 00:00:09]} a5
{[%clk 00:24:57]} {[%emt 00:02:25]} 34. bxa5 {[%clk 00:49:35]} {[%emt
00:04:50]} Nxa5 {[%clk 00:24:37]} {[%emt 00:00:50]} 35. Bd1 {[%clk 00:49:36]}
{[%emt 00:00:29]} Nc4 {[%clk 00:20:53]} {[%emt 00:04:14]} 36. Rb3 {[%clk
00:42:31]} {[%emt 00:07:35]} Kc6 {[%clk 00:16:04]} {[%emt 00:05:20]} 37. Be2
{[%clk 00:40:47]} {[%emt 00:02:13]} Ra8 {[%clk 00:14:44]} {[%emt 00:01:50]} 38.
Bxc4 {[%clk 00:39:06]} {[%emt 00:02:11]} dxc4 {[%clk 00:14:24]} {[%emt
00:00:50]} 39. Rh3 {[%clk 00:38:41]} {[%emt 00:00:55]} Kd5 {[%clk 00:13:37]}
{[%emt 00:01:17]} 40. Rh1 {[%clk 00:38:10]} {[%emt 00:01:00]} b4 {[%clk
00:11:55]} {[%emt 00:02:13]} 41. Bc1 {[%clk 00:30:10]} {[%emt 00:08:30]} b3
{[%clk 00:07:51]} {[%emt 00:04:33]} 42. Bb2 {[%clk 00:29:32]} {[%emt 00:01:08]}
Ba5 {[%clk 00:06:49]} {[%emt 00:01:32]} 43. Rh3 {[%clk 00:28:50]} {[%emt
00:01:13]} Rc8 {[%clk 00:06:55]} {[%emt 00:00:23]} 44. Rc3 {[%clk 00:26:05]}
{[%emt 00:03:15]} Bxc3 {[%clk 00:07:12]} {[%emt 00:00:14]} 45. Bxc3 {[%clk
00:26:32]} {[%emt 00:00:03]} Ra8 {[%clk 00:05:34]} {[%emt 00:02:08]} 46. Bb2
{[%clk 00:26:25]} {[%emt 00:00:37]} c3 {[%clk 00:05:31]} {[%emt 00:00:33]} 47.
Bxc3 {[%clk 00:26:39]} {[%emt 00:00:16]} Rxa3 {[%clk 00:05:52]} {[%emt
00:00:09]} 48. Kf1 {[%clk 00:26:35]} {[%emt 00:00:34]} Ra2 {[%clk 00:05:48]}
{[%emt 00:00:34]}  0-1

[Event "2nd Easter 4NCL Congress"]
[Site "Daventry"]
[Date "2022.04.18"]
[Round "6"]
[Board "1"]
[White "Han, Yichen"]
[Black "Gormally, Daniel W"]
[Result "0-1"]
[WhiteElo "2396"]
[BlackElo "2496"]
[PlyCount "0"]
[EventDate "2022.04.15"]
[EventRounds "7"]
[EventCountry "ENG"]

1. e4 {[%clk 01:30:58]} {[%emt 00:00:01]} c5 {[%clk 01:30:54]} {[%emt
00:00:06]} 2. Nf3 {[%clk 01:31:25]} {[%emt 00:00:03]} d6 {[%clk 01:31:16]}
{[%emt 00:00:07]} 3. d4 {[%clk 01:31:46]} {[%emt 00:00:10]} cxd4 {[%clk
01:31:41]} {[%emt 00:00:04]} 4. Nxd4 {[%clk 01:32:09]} {[%emt 00:00:08]} Nf6
{[%clk 01:32:06]} {[%emt 00:00:05]} 5. Nc3 {[%clk 01:32:32]} {[%emt 00:00:07]}
Nc6 {[%clk 01:32:33]} {[%emt 00:00:03]} 6. Bb5 {[%clk 01:30:01]} {[%emt
00:03:02]} Bd7 {[%clk 01:32:21]} {[%emt 00:00:41]} 7. Qd3 {[%clk 01:29:46]}
{[%emt 00:00:45]} e6 {[%clk 01:27:36]} {[%emt 00:05:16]} 8. Bg5 {[%clk
01:26:51]} {[%emt 00:03:24]} Be7 {[%clk 01:25:18]} {[%emt 00:02:47]} 9. O-O-O
{[%clk 01:24:46]} {[%emt 00:02:36]} h6 {[%clk 01:21:31]} {[%emt 00:04:17]} 10.
Bh4 {[%clk 01:20:55]} {[%emt 00:04:20]} O-O {[%clk 01:18:10]} {[%emt 00:03:52]}
11. f4 {[%clk 01:17:01]} {[%emt 00:04:24]} Rc8 {[%clk 01:13:41]} {[%emt
00:04:59]} 12. Nf3 {[%clk 01:00:02]} {[%emt 00:17:28]} Nb4 {[%clk 01:05:50]}
{[%emt 00:08:23]} 13. Qe2 {[%clk 00:55:50]} {[%emt 00:04:41]} Rxc3 {[%clk
01:05:38]} {[%emt 00:00:43]} 14. bxc3 {[%clk 00:54:13]} {[%emt 00:02:07]} Nxa2+
{[%clk 01:03:43]} {[%emt 00:02:24]} 15. Kb2 {[%clk 00:53:57]} {[%emt 00:00:46]}
Nxc3 {[%clk 01:03:18]} {[%emt 00:00:55]} 16. Kxc3 {[%clk 00:52:09]} {[%emt
00:02:19]} Qa5+ {[%clk 01:03:43]} {[%emt 00:00:04]} 17. Kb2 {[%clk 00:46:51]}
{[%emt 00:05:48]} Qb4+ {[%clk 01:01:09]} {[%emt 00:03:04]} 18. Kc1 {[%clk
00:45:52]} {[%emt 00:01:29]} Qa3+ {[%clk 00:57:27]} {[%emt 00:04:12]} 19. Kb1
{[%clk 00:45:12]} {[%emt 00:01:10]} Qb4+ {[%clk 00:57:41]} {[%emt 00:00:16]} 20.
Kc1 {[%clk 00:45:19]} {[%emt 00:00:22]} Bxb5 {[%clk 00:58:04]} {[%emt
00:00:09]} 21. Qe3 {[%clk 00:43:13]} {[%emt 00:02:34]} Rc8 {[%clk 00:54:23]}
{[%emt 00:04:12]} 22. Rd4 {[%clk 00:37:03]} {[%emt 00:06:40]} Qa5 {[%clk
00:48:26]} {[%emt 00:06:27]} 23. Kb2 {[%clk 00:29:53]} {[%emt 00:07:40]} d5
{[%clk 00:44:52]} {[%emt 00:04:05]} 24. e5 {[%clk 00:19:20]} {[%emt 00:11:03]}
Bb4 {[%clk 00:44:02]} {[%emt 00:01:19]} 25. Be1 {[%clk 00:12:49]} {[%emt
00:07:01]} Rxc2+ {[%clk 00:44:22]} {[%emt 00:00:09]}  0-1

[Event "2nd Easter 4NCL Congress"]
[Site "Daventry"]
[Date "2022.04.18"]
[Round "6"]
[Board "2"]
[White "Boswell, Jacob Connor"]
[Black "Hebden, Mark L"]
[Result "0-1"]
[WhiteElo "2206"]
[BlackElo "2532"]
[PlyCount "0"]
[EventDate "2022.04.15"]
[EventRounds "7"]
[EventCountry "ENG"]

1. Nf3 {[%clk 01:25:03]} {[%emt 00:05:44]} Nf6 {[%clk 01:29:50]} {[%emt
00:01:22]} 2. c4 {[%clk 01:25:14]} {[%emt 00:01:00]} g6 {[%clk 01:29:59]}
{[%emt 00:00:21]} 3. Nc3 {[%clk 01:25:36]} {[%emt 00:00:07]} Bg7 {[%clk
01:30:24]} {[%emt 00:00:06]} 4. e4 {[%clk 01:25:59]} {[%emt 00:00:08]} d6
{[%clk 01:30:49]} {[%emt 00:00:05]} 5. d4 {[%clk 01:26:20]} {[%emt 00:00:08]}
O-O {[%clk 01:31:12]} {[%emt 00:00:06]} 6. Be2 {[%clk 01:26:42]} {[%emt
00:00:08]} e5 {[%clk 01:31:00]} {[%emt 00:00:42]} 7. Be3 {[%clk 01:26:46]}
{[%emt 00:00:26]} Na6 {[%clk 01:27:52]} {[%emt 00:03:39]} 8. O-O {[%clk
01:21:28]} {[%emt 00:05:47]} c6 {[%clk 01:27:23]} {[%emt 00:01:00]} 9. dxe5
{[%clk 01:13:09]} {[%emt 00:08:49]} dxe5 {[%clk 01:27:42]} {[%emt 00:00:11]} 10.
Nd2 {[%clk 01:11:26]} {[%emt 00:02:11]} Qe7 {[%clk 01:26:27]} {[%emt 00:01:47]}
11. a3 {[%clk 01:08:04]} {[%emt 00:03:52]} Nc5 {[%clk 01:26:31]} {[%emt
00:00:27]} 12. Bxc5 {[%clk 00:51:44]} {[%emt 00:16:50]} Qxc5 {[%clk 01:26:52]}
{[%emt 00:00:08]} 13. b4 {[%clk 00:51:49]} {[%emt 00:00:26]} Qe7 {[%clk
01:25:57]} {[%emt 00:01:24]} 14. c5 {[%clk 00:51:04]} {[%emt 00:01:15]} Be6
{[%clk 01:18:16]} {[%emt 00:08:10]} 15. Qc2 {[%clk 00:49:41]} {[%emt 00:01:54]}
Rfd8 {[%clk 01:13:35]} {[%emt 00:05:10]} 16. Rfd1 {[%clk 00:45:33]} {[%emt
00:04:38]} Ne8 {[%clk 01:10:36]} {[%emt 00:03:30]} 17. Na4 {[%clk 00:39:38]}
{[%emt 00:06:25]} h5 {[%clk 01:05:30]} {[%emt 00:05:36]} 18. Nb2 {[%clk
00:33:48]} {[%emt 00:06:20]} h4 {[%clk 01:03:53]} {[%emt 00:02:06]} 19. Nf1
{[%clk 00:31:16]} {[%emt 00:03:03]} Rd4 {[%clk 01:00:09]} {[%emt 00:04:14]} 20.
Bc4 {[%clk 00:27:17]} {[%emt 00:04:28]} h3 {[%clk 00:59:13]} {[%emt 00:01:27]}
21. g3 {[%emt 00:05:25]} Rad8 {[%clk 00:58:33]} 22. Nd2 {[%clk 00:17:50]}
{[%emt 00:06:12]} Bg4 {[%clk 00:58:15]} {[%emt 00:00:47]} 23. f3 {[%clk
00:17:51]} {[%emt 00:00:29]} Qg5 {[%clk 00:58:29]} {[%emt 00:00:16]} 24. Nb3
{[%clk 00:16:55]} {[%emt 00:01:26]} Rxd1+ {[%clk 00:54:18]} {[%emt 00:04:41]}
25. Rxd1 {[%clk 00:16:41]} {[%emt 00:00:45]} Rxd1+ {[%clk 00:48:59]} {[%emt
00:05:48]} 26. Nxd1 {[%clk 00:17:02]} {[%emt 00:00:09]} Bxf3 {[%clk 00:49:18]}
{[%emt 00:00:11]} 27. Be2 {[%clk 00:16:18]} {[%emt 00:01:12]} Bg2 {[%clk
00:48:16]} {[%emt 00:01:34]} 28. Qd3 {[%clk 00:13:24]} {[%emt 00:03:24]} Nf6
{[%clk 00:45:41]} {[%emt 00:03:05]} 29. Bf3 {[%clk 00:09:14]} {[%emt 00:04:40]}
Bxf3 {[%clk 00:45:31]} {[%emt 00:00:40]} 30. Qxf3 {[%clk 00:09:42]} {[%emt
00:00:02]} Ng4 {[%clk 00:43:07]} {[%emt 00:02:54]} 31. Nf2 {[%clk 00:09:37]}
{[%emt 00:00:35]} Nxf2 {[%clk 00:43:02]} {[%emt 00:00:35]} 32. Kxf2 {[%clk
00:09:22]} {[%emt 00:00:45]} Bh6 {[%clk 00:42:37]} {[%emt 00:00:56]} 33. Qd3
{[%clk 00:06:11]} {[%emt 00:03:41]} Kg7 {[%clk 00:42:47]} {[%emt 00:00:19]} 34.
a4 {[%clk 00:05:40]} {[%emt 00:01:02]} Qf6+ {[%clk 00:42:18]} {[%emt 00:00:59]}
35. Ke2 {[%clk 00:05:57]} {[%emt 00:00:13]} Qe6 {[%clk 00:42:28]} {[%emt
00:00:20]} 36. b5 {[%clk 00:05:06]} {[%emt 00:01:21]} Bg5 {[%clk 00:41:31]}
{[%emt 00:01:26]} 37. Qc2 {[%clk 00:03:23]} {[%emt 00:02:13]} f5 {[%clk
00:39:12]} {[%emt 00:02:50]} 38. exf5 {[%clk 00:03:09]} {[%emt 00:00:43]} gxf5
{[%clk 00:39:29]} {[%emt 00:00:12]} 39. Na5 {[%clk 00:02:10]} {[%emt 00:01:31]}
e4 {[%clk 00:34:55]} {[%emt 00:05:03]} 40. Nxb7 {[%clk 00:02:08]} {[%emt
00:00:32]} f4 {[%clk 00:34:58]} {[%emt 00:00:28]} 41. gxf4 {[%clk 00:01:51]}
{[%emt 00:00:46]} Qg4+ {[%clk 00:34:40]} {[%emt 00:00:48]} 42. Kf1 {[%clk
00:01:56]} {[%emt 00:00:25]} Bh4 {[%clk 00:31:16]} {[%emt 00:03:54]} 43. Nd6
{[%clk 00:01:49]} {[%emt 00:00:37]} Qxf4+ {[%clk 00:29:29]} {[%emt 00:02:17]}
44. Kg1 {[%clk 00:02:12]} {[%emt 00:00:06]} Qg4+ {[%clk 00:28:50]} {[%emt
00:01:10]} 45. Kf1 {[%clk 00:02:19]} {[%emt 00:00:23]} Qf3+ {[%clk 00:27:20]}
{[%emt 00:01:59]} 46. Kg1 {[%clk 00:02:43]} {[%emt 00:00:07]} Bg5 {[%clk
00:27:00]} {[%emt 00:00:50]} 47. Nc4 {[%clk 00:01:25]} {[%emt 00:01:49]} Bf6
{[%clk 00:22:01]} {[%emt 00:05:29]} 48. Qd2 {[%clk 00:01:08]} {[%emt 00:00:47]}
Kg6 {[%clk 00:21:18]} {[%emt 00:01:12]} 49. Ne3 {[%clk 00:00:36]} {[%emt
00:01:03]} Bg5 {[%clk 00:21:06]} {[%emt 00:00:41]} 50. Nc4 {[%clk 00:00:33]}
{[%emt 00:00:34]} Bxd2 {[%clk 00:15:57]} {[%emt 00:05:38]} 51. Ne5+ {[%clk
00:00:57]} {[%emt 00:00:06]} Kf5 {[%clk 00:16:20]} {[%emt 00:00:06]} 52. Nxf3
{[%clk 00:01:23]} {[%emt 00:00:05]} exf3 {[%clk 00:16:32]} {[%emt 00:00:19]} 53.
Kf2 {[%clk 00:01:17]} {[%emt 00:00:36]} Kf4 {[%clk 00:16:32]} {[%emt 00:00:29]}
54. bxc6 {[%clk 00:01:34]} {[%emt 00:00:12]} Ba5 {[%clk 00:16:57]} {[%emt
00:00:05]} 55. Kg1 {[%clk 00:00:45]} {[%emt 00:01:20]} Bc7 {[%clk 00:17:11]}
{[%emt 00:00:15]} 56. Kf2 {[%clk 00:00:41]} {[%emt 00:00:34]}  0-1